000
00333nam a2200145Ia 4500
008
191201s2012 xx 000 0 und d
082
_a
620.11232
_b
TIT
100
_a
TIMOSHENKO, S.P
245
0
_a
Theory of Elasticity
250
_a
Rep
260
_a
N. Delhi
_b
TMH
_c
2012
300
_a
567
650
_a
B.Tech(CE)
942
_2
ddc
_c
BK
999
_c
5305
_d
5305